00570 2200217 4500001002100000005001500021035002000036007000300056008004100059020001800100082001100118084001700129100001800146245004600164260003200210300003100242650002800273504002900301990001100330990001100341INLIS00000000000343020190517025322 a0010-0519000022ta190517 g 0 ind  a9786028725842 a551.46 a551.46 AND p0 aANDI, Solihat1 aPotensi Maritim Indonesia /cAndi Solihat aBekasi :bNusa Agung,c2018 a79 hlm. :bilus. ;c25 cm. 4aLAUT. MARITIM INDONESIA aBibliografi : hlm. 78-79 a6642 a a6642 b